000 00486nam a2200181Ia 4500
005 20250603145141.0
008 250603s9999 xx 000 0 und d
020 _a0706999045
050 _aJZ 1242 .C43/
100 _aChandra, Prakash
245 0 _aInternational relations : foreign policies of major powers and regional systems.
260 _aNew Delhi
260 _bVikas Publishing House PVT LTD
260 _c2008
300 _a305 p
650 _aNew Delhi
942 _cBK
999 _c41025
_d41025